00426nam a2200133 a 450000100100000000500170001000800410002704000250006808200140009324500340010726001020014130000270024350000220027000002996820200930055940.0110428s1988 dr a 000 0 spa d aDO-SdBNPbspacBNPHU axxxbR33700aReglas oficiales mini basket. aSanto Domingo, :bSecretaría de Estado de Deportes, educación Física y Recreación,c1988. a43 p. :bil. ;c21 cm. aPortada en ingles